Aj zdravotníctvo má zákazníkov, ktorí chcú hodnotu
Debaty o zdravotníctve sa málokedy venujú podstatným témam. Základnou a najdôležitejšou úlohou zdravotníctva je zabezpečovať zdravie a kvalitný život obyvateľov, ktorí tento systém financujú. "Zákazníkom" v zdravotníctve je pacient. Manažérske praktiky - porovnanie zdravotníctva a iných odvetví. Zdr...
Gespeichert in:
| 1. Verfasser: | |
|---|---|
| Format: | Buchkapitel |
| Sprache: | Slowakisch |
| Schlagworte: | |
| Tags: |
Keine Tags, Fügen Sie das erste Tag hinzu!
|
MARC
| LEADER | 00000naa$a2200000$$$4500 | ||
|---|---|---|---|
| 001 | 0059476 | ||
| 005 | 20231009073435.1 | ||
| 041 | 0 | |a slo | |
| 044 | |a SK | ||
| 245 | 1 | 0 | |a Aj zdravotníctvo má zákazníkov, ktorí chcú hodnotu |c Ján Košturlak |
| 520 | |a Debaty o zdravotníctve sa málokedy venujú podstatným témam. Základnou a najdôležitejšou úlohou zdravotníctva je zabezpečovať zdravie a kvalitný život obyvateľov, ktorí tento systém financujú. "Zákazníkom" v zdravotníctve je pacient. Manažérske praktiky - porovnanie zdravotníctva a iných odvetví. Zdravotníctvo - zaostávanie týchto praktík vo vzťahu k pacientom. | ||
| 610 | 2 | 0 | |a zdravotníctvo |
| 610 | 2 | 0 | |a zdravie |
| 610 | 2 | 0 | |a služby |
| 610 | 2 | 0 | |a manažment |
| 610 | 2 | 0 | |a zákazníci |
| 610 | 2 | 0 | |a nemocnice |
| 100 | 1 | |a Košturlak, Ján | |